Oiseaux européens par image n°1 - Statistiques

Statistiques générales
  • Ce quiz a été pris 496 fois
  • Le résultat moyen est 10 sur 16
Statistiques - réponses
Par images Réponse % Correct
Mésange bleue
93%
Mésange charbonnière
84%
Merle noir
74%
Héron cendré
69%
Pic épeiche
69%
Pigeon ramier
68%
Geai des chênes
66%
Pie bavarde
65%
Moineau domestique
59%
Buse variable
56%
Etourneau sansonnet
55%
Chardonneret élégant
54%
Corneille noire
52%
Pinson des arbres
51%
Bergeronnette grise
50%
Rougegorge familier
41%
Aucun quiz correspondant
Distribution des résultats
% des personnes avec chaque résultat
Percentile par nombre de réponses
Votre historique - résultats
Vous n’avez pas pris ce quiz